000
00328nam a2200133Ia 4500
008
260604s9999 xx 000 0 und d
020
_a
9781032164601
082
_a
657 KEL
100
_a
Sarah turnbull
_9
35771
245
0
_a
Advertising Account Planning
260
_b
Routledge
500
_a
Accounting, Advertising
942
_c
BK
999
_c
8601
_d
8601